American Headway Student book 3

Guardat en:
Dades bibliogràfiques
Autor principal: Soars, John
Altres autors: Soars, Liz
Format: Llibre
Idioma:English
Publicat: New York Oxford University Press 2003
Matèries:
Etiquetes: Afegir etiqueta
Sense etiquetes, Sigues el primer a etiquetar aquest registre!
Thư viện lưu trữ: Trung tâm Học liệu Lê Vũ Hùng, Trường Đại học Đồng Tháp
LEADER 00890pam a22002898a 4500
001 00024002
005 20171026081025.0
008 110707s2003 ||||||engsd
020 # # |a 0 19 435383 2 
041 0 # |a eng 
082 0 4 |a 428  |b A100M 
100 1 # |a Soars, John 
245 1 0 |a American Headway  |c John and Liz Soars  |b Student book 3 
260 # # |a New York  |b Oxford University Press  |c 2003 
300 # # |a 154 p.  |b ill.  |c 28 cm. 
650 # 4 |a Bài tập 
650 # 4 |a Hoa Kỳ 
650 # 4 |a Tiếng anh 
650 # 4 |a Ngữ pháp 
700 1 # |a Soars, Liz 
852 # # |b Kho giáo trình  |j KGT.0027934, KGT.0027935 
852 # # |b Kho mượn  |j KGT.0027934 
852 # # |b Kho đọc  |j KD.0008694 
852 # # |j KGT.0027934  |j KD.0008694  |j KGT.0027935 
910 0 # |a Ntuyet  |d 07/07/2011 
980 # # |a Trung tâm Học liệu Lê Vũ Hùng, Trường Đại học Đồng Tháp